LEADER 01558nam a2200325 u 4500 001 000000028140 003 CaOOAMICUS 005 20070226111752.0 008 960502s1995 be u000 u fre u 020 $a9061866995 (Leuven UP) 020 $a9068317008 (Peeters, Leuven) 035 $a10730320 040 $aBAV$bita$dPUL 245 00$aCommunion et réunion :$bmélanges Jean-Marie Roger Tillard /$cédités par Gillian R. Evans & Michel Gourgues. 260 $aLeuven :$bUniversity Press :$bPeeters,$c1995. 300 $axi, 431, [6] p. ;$c25 cm 490 1 $aBibliotheca Ephemeridum theologicarum Lovaniensium ;$v121 504 $aComprende indicazioni bibliografiche. 600 14$aTillard, Jean-Marie-Roger,$cO.P.,$d1927-2000.$0(OLS)http://pul/subject/16248 700 1 $aGourgues, Michel,$d1942.$0(OLS)http://pul/name/22921 700 1 $aEvans, Gillian Rosemary.$0(OLS)http://pul/name/22920 830 0$aBibliotheca Ephemeridum theologicarum Lovaniensium ;$v121.$0(OLS)http://pul/title/1445 850 $aPUL 852 $aPUL$W1$xSL Religione 1$y3$m17 A 121$j39118$nBK-PRI$b $qStampati$B39118$CPULBib$Z2$F39118 $H $81 941 1 $a8 961 $aINV: 87694 996 $6020$a9061866995 (Leuven UP)$9(OLS)http://pul/number/34911 996 $6020$a9068317008 (Peeters, Leuven)$9(OLS)http://pul/number/34912 996 $6245$aCommunion et réunion :$bmélanges Jean-Marie Roger Tillard$9(OLS)http://pul/title/38436 996 $6260$aLeuven :$bUniversity Press :$bPeeters$9(OLS)http://pul/publisher/49269 LEADER 01304nam a2200277 a 4500 001 000000162208 003 CaOOAMICUS 005 20170724095225.0 008 170724s1988 it m 001 u ita r 032 $aLibriCat 040 $aPUL$bita 100 1 $aCacciotti, Alvaro,$cO.F.M.,$d1955-$0(OLS)http://pul/name/68549 245 10$aAmor sacro e amor profano in Jacopone da Todi / $cauctore Alvaro Cacciotti. 260 $aRoma :$bPontificia Università Gregoriana,$c1988. 300 $a101 p. ;$c24 cm. 502 $aEstratto da tesi -- Pontificia Universitas Gregoriana. Facultas theologiae. 1988. 504 $aBibliografia in nota. 600 04$aJacopone,$cda Todi,$d1230-1306.$0(OLS)http://pul/subject/9518 650 4$aAmore nella letteratura$yEvo Medio.$0(OLS)http://pul/subject/28233 710 2 $aPontificia Università Gregoriana.$bFacoltà di teologia.$kTesi.$0(OLS)http://pul/name/81592 850 $aPUL 852 $aPUL$W1$xDP1 Tesi Pon. Univ. Gregoriana$y40$mTH PUG 3519$j186195$qTesi$B189416$CPULBib$Z2$F189416 $H62029 $82 941 1 $a16 996 $6245$aAmor sacro e amor profano in Jacopone da Todi / $9(OLS)http://pul/title/201973 996 $6260$aRoma :$bPontificia Università Gregoriana$9(OLS)http://pul/publisher/47853